| 000 | 00000nam##2200000za#4500 |
| 001 | 9.645903 |
| 003 | CaOODSP |
| 005 | 20230202144024 |
| 007 | ta |
| 008 | 150407|1995||||xxc||||| f|0| 0 eng|d |
| 020 | |a0-662-23475-8 |
| 040 | |aCaOODSP|beng |
| 043 | |an-cn--- |
| 086 | 1 |aH72-21/133-3-1995E |
| 110 | 2 |aNational Clearinghouse on Family Violence (Canada). |
| 245 | 10|aAbuse and neglect of older adults in institutional settings: discussion paper, building from French language resources / |cPrepared by Marie Beaulieu and Marie-Josée Tremblay. Issued by the Mental Health Division. |
| 260 | |aOttawa - Ontario : |bHealth Canada. |c1995. |
| 300 | |aviii, 32p. : |breferences ; |c28 cm. |
| 500 | |a"This discussion paper examines the main issues connected with abuse and neglect of older adults in institutional settings and points out strategies for action."--Page viii. |
| 520 | 3 |aThis discussion paper examines the main issues connected with abuse and neglect of older adults in institutional settings and points out strategies for action.--Page viii |
| 563 | |aSoftcover |
| 590 | |a98-21|b1998-05-22 |
| 720 | 1 |aBeaulieu, Marie |
| 720 | 1 |aTremblay, Marie-Josée |
| 775 | 08|tLes mauvais traitements envers les personnes aînées en milieux institutionnel: document de travail, rédigé à partir de documentation en langue française / |w(CaOODSP)9.679520 |
| 776 | 0#|tAbuse and neglect of older adults in institutional settings : |w(CaOODSP)9.695683 |